| 000 | 00443nam a2200145Ia 4500 | ||
|---|---|---|---|
| 008 | 210716s1987 xx 000 0 und d | ||
| 041 | _aeng | ||
| 082 | _a005.74 KROD | ||
| 100 | _aKroenke, David M. | ||
| 245 |
_aDatabase processing: fundamentals design implementation. _bFundamentals design implementation. |
||
| 250 | _a2 | ||
| 260 |
_aNew Delhi _bGalgotia Publications Pvt Ltd _c1987 |
||
| 300 | _axiv,607 | ||
| 650 | _aDatabase Management | ||
| 999 |
_c180839 _d180839 |
||